000 00866nam a2200253Ia 4500
003 OSt
005 20220927110500.0
006 a|||||r|||| 00| 0
007 ta
008 220926b |||||||| |||| 00| 0 eng d
024 _a103261
037 _cReports
040 _aRTL
_cRTL
_beng
041 _2eng
_aeng
082 _a"z.2.N56t5:g, K1/GD"
110 _a"India, Government Of .... Planning (Commission), Statistics And Surveys (Division)"
_9378726
245 0 _aProgress of selected projects during the second five year plan
260 _aDelhi
_bManager Of Publication India
_c1961
300 _a"ii,109p."
_ccm.
650 _aGeneralia
700 _a"India, Government Of .... Planning (Commission), Statistics And Surveys (Division)"
_9378727
942 _h"z.2.N56t5:g, K1/GD"
_cCC
999 _c696969
_d696969